• 首页
  • 本馆介绍
  • 公告通知
  • 最新文献
  • 馆藏检索
  • 电子资源
  • 读者导购
  • 参考咨询
  • 我的图书馆
  • 登录
  • 详细信息显示
  • 放入我的书架
  • 预约/预借图书
  • 作者相关作品
  • 分类相关作品
  • 丛书相关作品
  • 出版社相关作品

书目信息

  • 表格格式
  • 工作单格式
  • 卡片格式
题名:
中小学安全风险防控机制研究
    
 
作者: 姚建龙 主编
分册:  
出版信息: 北京   中国政法大学出版社  2017
页数: 395页
开本: 26cm
丛书名:
单 册:
中图分类: G637.4
科图分类:
主题词: 中小学--zhong xiao xue--学校管理--安全管理--研究
电子资源:
ISBN: 978-7-5620-7364-2
000 01002nam0 2200253 450
001 012001002870
005 20131031131234.0
010    @a978-7-5620-7364-2@dCNY89.00
099    @aCAL 012017118217
100    @a20170803d2017 em y0chiy50 ea
101 0  @achi
102    @aCN@b110000
105    @aak a 000yy
106    @ar
200 1  @a中小学安全风险防控机制研究@Azhong xiao xue an quan feng xian fang kong ji zhi yan jiu@f姚建龙主编
210    @a北京@c中国政法大学出版社@d2017
215    @a395页@c图@d26cm
320    @a有书目 (第389-395页)
330    @a本书第一部分对学校安全风险相关基本要素进行了界定;第二部分通过对我国学校安全风险防控工作现状的分析,总结各地区在学校安全工作方面较为典型的有益经验并发现相关工作中存在的问题和不足之处,同时对各地区在学校安全工作方面的需求进行梳理。
606 0  @a中小学@Azhong xiao xue@x学校管理@x安全管理@x研究
690    @aG637.4@v4
701  0 @a姚建龙@Ayao jian long@4主编
801  2 @aCN@b江苏凤凰@c20191020
905    @b1230998-1001@dG637.4@e1512@f4
    
    中小学安全风险防控机制研究/姚建龙主编.-北京:中国政法大学出版社,2017
    395页:图;26cm
    
    
    ISBN 978-7-5620-7364-2:CNY89.00
    本书第一部分对学校安全风险相关基本要素进行了界定;第二部分通过对我国学校安全风险防控工作现状的分析,总结各地区在学校安全工作方面较为典型的有益经验并发现相关工作中存在的问题和不足之处,同时对各地区在学校安全工作方面的需求进行梳理。
●
相关链接 在E读中查询图书 在五车中查询图书 在当当中查询图书 在豆瓣中查询图书


正题名:中小学安全风险防控机制研究     索取号:G637.4/1512         预约/预借

序号 登录号 条形码 馆藏地/架位号 状态 备注
1 1230998   212309982   第一样本阅览室/ [索取号:G637.4/1512] 在馆    
2 1230999   212309991   教育系资料室/ [索取号:G637.4/1512] 在馆    
3 1231000   212310006   教育系资料室/ [索取号:G637.4/1512] 在馆    
4 1231001   212310015   第四借阅区/ [索取号:G637.4/1512] 在馆    
唐山师范学院图书馆 欢迎您!
大连网信软件有限公司© 版权所有